الإبحار في جمع الأسفار : (رقم التسجيلة. 16910)

تفاصيل مارك
000 -الفاتح
حقل البيانات ثابتة الطول 00911cam a2200217 a 4500
001 - رقم الضبط
رقم الضبط AUC_OC_81844
003 - محدد رقم الضبط
رقم الضبط OSt
005 - وقت وتاريخ اخر تعامل مع التسجيلة
رقم الضبط 20150408113934.0
008 - عناصر البيانات ثابتة الطول - معلومات عامة
حقل البيانات ثابتة الطول 091205s2009____su g b 000 0 ara c
040 ## - مصدر الفهرسة
وكالة الفهرسة الأصلية mu
لغة الفهرسة ara
وكالة النسخ mb
082 0# - رقم تصنيف ديوى العشرى
رقم التصنيف 011.02
رقم المادة ج ج إ
رقم الطبعة 21
082 04 - رقم تصنيف ديوى العشرى
رقم التصنيف 011.02
رقم الطبعة 21
100 1# - المدخل الرئيسى - إسم شخصى
الإسم الشخصى الجماز، جماز بن عبد الرحمن
9 (RLIN) 5385
245 12 - بيان العنوان
العنوان الإبحار في جمع الأسفار :
بقية العنوان موسوعة تحتوي على تعريف بأكثر من ألف كتاب تهم طالب العلم ومناهج علمية ميسرة /
بيان المسئوليه,etc جماز بن عبد الرحمن الجماز.
250 ## - بيان الطبعة
بيان الطبعة ط. 1.
260 ## - PUBLICATION, DISTRIBUTION, ETC. (IMPRINT)
مكان الناشر او الموزع الرياض :
اسم الناشر او الموزع المكتبة الرشد،
تاريخ النشر أو التوزيع 2009
300 ## - الوصف المادى
التعداد 416 ص. ؛
أبعاد الوعاء 24 سم.
650 #7 - المدخل الاضافى بالموضوع-مصطلح موضوعى
مصطلح موضوعي أو اسم جغرافي كعنصر مدخل المراجع العربية
التقسيم الفرعي الشكلي ببليوجرافيات
مصدر الرأس أو المصطلح aucsh
9 (RLIN) 5386
650 #7 - المدخل الاضافى بالموضوع-مصطلح موضوعى
مصطلح موضوعي أو اسم جغرافي كعنصر مدخل المراجع العربية
التقسيم الفرعي الشكلي ببليوجرافيات
مصدر الرأس أو المصطلح aucsh
9 (RLIN) 5387
942 ## - عناصر المدخل الإضافي( كوها)
مصدر التصنيف او مخطط الترفيف Dewey Decimal Classification
Koha [default] item type مراجع
المقتنيات
حالة الفقد نموذج السعر الفعال حالة تلف ليس للاعارة رقم الطلب تاريخ الاكتساب الموقع الحالي الباركود الفرع الرئيسي Date last seen نوع المادة فى نظام كوها مصدر التصنيف او خطة الترفيف Total Checkouts
  2013-03-10     011.02 ج ج إ 2012-08-03 المكتبة المركزية بالمجمعة (CL) 00092123 المكتبة المركزية بالمجمعة (CL) 2013-03-10 مراجع Dewey Decimal Classification  
  2013-03-10     011.02 ج ج إ 2012-08-03 المكتبة المركزية بالمجمعة (CL) 00092124 المكتبة المركزية بالمجمعة (CL) 2013-03-10 مراجع Dewey Decimal Classification  
  2013-03-10     011.02 ج ج ا 2012-08-05 المكتبة المركزية بالمجمعة (CL) 00088799 المكتبة المركزية بالمجمعة (CL) 2013-03-10 مراجع Dewey Decimal Classification  
  2013-03-10     011.02 ج ج ا 2012-08-05 المكتبة المركزية بالمجمعة (CL) 00088798 المكتبة المركزية بالمجمعة (CL) 2013-03-10 مراجع Dewey Decimal Classification  
  2013-03-10     011.02 ج ج إ 2012-04-10 مكتبة كلية التربية بالزلفى - طالبات (EZF) 00071310 مكتبة كلية التربية بالزلفى - طالبات (EZF) 2013-03-10 مراجع Dewey Decimal Classification  
  2013-03-10     011.02 ج ج إ 2012-04-10 مكتبة كلية التربية بالزلفى - طالبات (EZF) 00071283 مكتبة كلية التربية بالزلفى - طالبات (EZF) 2013-03-10 مراجع Dewey Decimal Classification  
  2013-03-10     011.02 ج ج إ 2012-02-17 مكتبة كلية العلوم و الدراسات الإنسانية برماح - طلاب (SRM) 00080119 مكتبة كلية العلوم و الدراسات الإنسانية برماح - طلاب (SRM) 2013-03-10 مراجع Dewey Decimal Classification  
  2013-03-10     011.02 ج ج إ 2012-02-17 مكتبة كلية العلوم و الدراسات الإنسانية برماح - طلاب (SRM) 00080118 مكتبة كلية العلوم و الدراسات الإنسانية برماح - طلاب (SRM) 2013-03-10 مراجع Dewey Decimal Classification  
  2013-03-10     011.02 ج ج إ 2012-02-17 مكتبة كلية العلوم و الدراسات الإنسانية برماح - طلاب (SRM) 00080117 مكتبة كلية العلوم و الدراسات الإنسانية برماح - طلاب (SRM) 2013-03-10 مراجع Dewey Decimal Classification  
  2013-03-10     011.02 ج ج إ 2012-02-17 مكتبة كلية العلوم و الدراسات الإنسانية برماح - طلاب (SRM) 00080116 مكتبة كلية العلوم و الدراسات الإنسانية برماح - طلاب (SRM) 2013-03-10 مراجع Dewey Decimal Classification  
  2013-03-10     011.02 ج ج إ 2012-02-17 مكتبة كلية العلوم و الدراسات الإنسانية برماح - طلاب (SRM) 00078159 مكتبة كلية العلوم و الدراسات الإنسانية برماح - طلاب (SRM) 2013-03-10 مراجع Dewey Decimal Classification  
  2013-03-10     011.02 ج ج إ 2012-02-17 مكتبة كلية العلوم و الدراسات الإنسانية برماح - طلاب (SRM) 00078158 مكتبة كلية العلوم و الدراسات الإنسانية برماح - طلاب (SRM) 2013-03-10 مراجع Dewey Decimal Classification  
  2013-03-10     011.02 ج ج إ 2011-10-21 مكتبة مجمع الطالبات بالمجمعة (EMF) 00072455 مكتبة مجمع الطالبات بالمجمعة (EMF) 2013-03-10 مراجع Dewey Decimal Classification  
  2013-03-10     011.02 ج ج إ 2011-10-21 مكتبة مجمع الطالبات بالمجمعة (EMF) 00072453 مكتبة مجمع الطالبات بالمجمعة (EMF) 2013-03-10 مراجع Dewey Decimal Classification